000
00304nam a2200121Ia 4500
008
190216s9999||||xx |||||||||||||| ||und||
100
_a
Mohammed Sherif Moulavi
245
0
_a
Bahirakasha Yathrayum Qur`Anum
260
_b
"Excellent Press, Triur"
_c
1987
300
_a
44p
650
_a
Qur`An
942
_c
BK
999
_c
22200
_d
22200